| 000 | 00736nam a2200241 a 4500 | ||
|---|---|---|---|
| 001 | BRCA_4545 | ||
| 005 | 20190320204719.0 | ||
| 008 | 220910s1934----enka######---#000-0#eng-# | ||
| 041 | _aeng | ||
| 044 | _aenk | ||
| 050 | 4 |
_aN8560 _b.P54 1934 |
|
| 100 | 1 |
_aPlenderleith, H. J. _911513 |
|
| 245 | 1 | 0 |
_aThe Preservation of Antiquities _cby H. J. Plenderleith. |
| 260 |
_aLondres _bThe Museum Association : Chaucer House, Malet Place _c1934 |
||
| 300 |
_avii, 71 p. _bil. _c19 cm. |
||
| 500 | _aIncluye índice analítico | ||
| 500 | _aD18 | ||
| 504 | _aBibliografía: p. 64-66 | ||
| 650 | 1 | 4 |
_aObjetos de arte _xConservación y restauración _911031 |
| 650 | 1 | 4 |
_aPreservación _xAntigüedades _911032 |
| 902 | _aGFM | ||
| 942 |
_2lcc _cB |
||
| 999 |
_c4251 _d4251 |
||